000 00576nam a2200145Ia 4500
008 090124s9999 xx 000 0 und d
082 _b205696
245 _a भारत की महान वैज्ञानिक विभूतियां
250 _a1
260 _bशर्मा अशोक कुमार
_c2002
300 _a95
630 _a भारत की महान वैज्ञानिक विभूतियां
730 _a भारत की महान वैज्ञानिक विभूतियां
942 _cBOOK
999 _c187280
_d187280